| 000 | 01087nam0a22002771 4500 | ||
|---|---|---|---|
| 001 | rc\3945792 | ||
| 005 | 20130415114547.9 | ||
| 021 |
_aRU _b[55-47896] |
||
| 035 | _a(NLR Aleph) 008041081 | ||
| 090 |
_a8881629 _c8881629 |
||
| 100 | _a20130415d1955 |||y0rusy50 ca | ||
| 101 | 0 | _arus | |
| 102 | _aRU | ||
| 105 | _ay z ||||| | ||
| 200 | 1 |
_aИстория средних веков _eУчеб. пособие _fВысш. парт. школа при ЦК КПСС. Кафедра всеобщей истории |
|
| 210 |
_aМосква _cБ. и. _d1955 |
||
| 215 |
_a223 с. _d23 |
||
| 300 | _aПеред загл. авт.: С.Д. Сказкин, А.Д. Удальцов, чл.-кор. АН СССР | ||
| 606 |
_aСредние века _xИстория _jУчебники и пособия _2psbo |
||
| 700 | 1 |
_aСказкин _bС. Д. _f1890-1973 _gСергей Данилович |
|
| 701 | 1 |
_aУдальцов _bА. Д. _gАлександр Дмитриевич |
|
| 801 | 0 |
_aRU _bNLR _gpsbo |
|
| 801 | 1 |
_aRU _bELAR _2rusmarc |
|
| 852 |
_aNLR _jИ24 Г-5/169 |
||
| 942 | _cBOOK | ||
| 980 | _aNB | ||